Physikalische Chemie fur Techniker und Ingenieure /

Guardado en:
Detalles Bibliográficos
Autores principales: Regen, Otfried (Autor), Näser, Karl-Heinz (Autor), Lempe, Dieter (Autor)
Formato: Libro
Lenguaje:alemán
Publicado: Leipzig : VEB Deutscher Verlag für Grundstoffindustrie, 1990
Edición:19.unveränderte Auflage
Etiquetas: Agregar Etiqueta
Sin Etiquetas, Sea el primero en etiquetar este registro!

MARC

LEADER 00000nam a22000003a 4500
001 stu22239
005 20150617225747.3
008 940208s1990----gw------------------ger-d
020 |a 3-342-00545-9 
040 |a STU  |b slo 
041 0 |a ger 
044 |a gw 
080 |a 541.1 
100 1 |a Regen, Otfried  |4 aut 
245 1 |a Physikalische Chemie fur Techniker und Ingenieure /  |c [aut.]Näser,Karl-Heinz, Lempe,Dieter, Regen,Otfried 
250 |a 19.unveränderte Auflage 
260 |a Leipzig :  |b VEB Deutscher Verlag für Grundstoffindustrie,  |c 1990 
300 |a 480 s :  |b Tab.,grafy,index 
700 1 |a Näser, Karl-Heinz  |4 aut 
700 1 |a Lempe, Dieter  |4 aut 
996 |b C92561  |c C*92561  |l CCV  |s P  |a 0  |w stu22239_0001